00787 2200289 4500001002100000005001700021008004100038020002200079035002400101040001200125041000800137082001800145084001800163090002100181100002600202245007200228250001100300260003900311300003200350504002700382650001700409650000900426700001400435850001200449990001800461990001800479INLIS00000000003023920170911083849.0  a978-602-14115-7-5 0010-081700000000445 aYOPDYOG0 aind042[23]a615.321 a615.321 Net H aPK 615.321 Net H0 aNETI SURIANAd, 1984-1 aHerbal sakti atasi asam uratc/ Neti Suriana; penyunting, Qin Mahdy aCet. 1 aDepokbMutiara Allamah Utamac2014 a154 hlm.b: ilus.c; 23 cm. aBibliografi : hlm. 153 4aTanaman obat 4aGout0 aQin Mahdy aYOPDYOG a56011-PD/A.17 a56012-PD/A.17